Introducción al análisis matemático

Αποθηκεύτηκε σε:
Λεπτομέρειες βιβλιογραφικής εγγραφής
Κύριος συγγραφέας: Bartle, Robert Gardner (Συγγραφέας)
Μορφή: Βιβλίο
Γλώσσα:Ισπανικά
Έκδοση: Ciudad de México Limusa 1980
Έκδοση:2a. ed
Θέματα:
Ετικέτες: Προσθήκη ετικέτας
Δεν υπάρχουν, Καταχωρήστε ετικέτα πρώτοι!

MARC

LEADER 00000nam a2200000 a 4500
001 UCQ8355
003 CL-VaPUC
008 981209e19800000MX |||||||||||||||||spa|d
082 0 4 |a 515  |b BAR  |2 21 
100 0 |a Bartle, Robert Gardner  |e author  |9 422300 
245 1 0 |a Introducción al análisis matemático 
250 |a 2a. ed 
300 |a 519 p 
942 |c BK 
945 |d 19981209 00:00:00  |a crobeson 
260 |a Ciudad de México  |b Limusa  |c 1980 
650 0 |a Análisis matemático   |9 260146 
650 0 |a Teoría de conjuntos   |9 265668 
650 0 |a Teoría de números  |9 265327 
650 0 |a Números reales   |9 270334 
650 0 |a Topología   |9 260092 
650 0 |a Convergencia  |9 325469 
650 0 |a Función continua  |9 422301 
650 0 |a Series infinitas  |9 270114 
583 |a last modification  |c 19981209 00:00:00  |k Rodrigo Vera 
999 |c 277640  |d 277638 
952 |0 0  |1 0  |4 0  |6 515_000000000000000_BAR_1980  |7 0  |8 A  |9 315681  |a BIBMAT  |b BIBMAT  |d 2019-11-20  |i 1301594  |l 3  |m 1  |o 515 BAR 1980  |p 1301594  |r 2025-01-07  |s 2023-10-23  |w 2019-11-20  |y BK  |k MAT